Atharva-Veda-samhita (Record no. 10194)

MARC details
000 -LEADER
fixed length control field 00684nam a2200253 a 4500
020 ## - INTERNATIONAL STANDARD BOOK NUMBER
ISBN 812083X
082 00 - DEWEY DECIMAL CLASSIFICATION NUMBER
Classification number 294.59215
Author Cutter WHI
100 ## - MAIN ENTRY--AUTHOR NAME
Author name Whitney, William Dwight
245 ## - TITLE STATEMENT
Title Atharva-Veda-samhita
260 ## - PUBLICATION, DISTRIBUTION, ETC. (IMPRINT)
Place of publication Delhi
Name of publisher Motilal Banarsidass
Year of publication 1996
300 ## - PHYSICAL DESCRIPTION
Number of Pages 470p.
500 ## - GENERAL NOTE
General note includes index and biblioraphy
505 2# - FORMATTED CONTENTS NOTE
Formatted contents note subject index
505 2# - FORMATTED CONTENTS NOTE
Formatted contents note subject index00
650 ## - SUBJECT ADDED ENTRY--TOPICAL TERM
Topical Term Vedas-Hinduism
942 ## - ADDED ENTRY ELEMENTS (KOHA)
Koha item type Books
700 1# -
-- Whitney, William Dwight
Holdings
Home library Current library Date acquired Cost, normal purchase price Full call number Accession Number Koha item type
Henry Martyn Institute Library Henry Martyn Institute Library   745.00 294.59215 WHI 018745 Books
Henry Martyn Institute Library Henry Martyn Institute Library   745.00 294.59215 WHI 018746 Books
                   Copyright © 2026 | Henry Martyn Institute | Hyderabad | TS-500052 | INDIA | Implemented by hmi.edu.in
Hit-Count:

Powered by Koha